Normal view MARC view

Entry Personal Name

Number of records used in: 1

001 - CONTROL NUMBER

  • control field: 3554

003 - CONTROL NUMBER IDENTIFIER

  • control field: OSt

005 - DATE AND TIME OF LATEST TRANSACTION

  • control field: 20190319120345.0

008 - FIXED-LENGTH DATA ELEMENTS

  • fixed length control field: 190319|| aca||aabn | a|a d

040 ## - CATALOGING SOURCE

  • Original cataloging agency: OSt
  • Transcribing agency: OSt

100 ## - HEADING--PERSONAL NAME

  • Personal name: Karnataka. Legislative Assembly

670 ## - SOURCE DATA FOUND

  • Source citation: Work cat.: (OSt): Karnataka. Legislative Assembly, The Karnataka zilla parishads, taluk panchayat samithis, mandal panchayats and nyaya panchayats act, 1983, 1983

Powered by Koha